| 000 | 00711nam a22002417a 4500 | ||
|---|---|---|---|
| 003 | dpl | ||
| 005 | 20180611130923.0 | ||
| 008 | 180611b xxu||||| |||| 00| 0 eng d | ||
| 010 | _aA-045922 | ||
| 020 | _c00.00 | ||
| 035 | _aA-045922, A-045930 | ||
| 037 | _bCen Lib/Ret | ||
| 040 |
_aDPL _bEN _c0 |
||
| 082 |
_a649.1 _bWIL |
||
| 100 |
_aWilliams, Flora H. _925068 |
||
| 245 |
_aOur children / _cby Flora H. Williams |
||
| 260 |
_b Oriental Watchman Publishing House _c1979 _aIndia |
||
| 270 |
_bPoona _aSalisbury Park |
||
| 300 |
_a251p. : _c23cm(Hb) _b.ill. |
||
| 650 |
_aChild rearing--Psychological aspects _925069 |
||
| 650 |
_aChild rearing _95183 |
||
| 942 |
_2ddc _cEN _h649.1 _mWIL |
||
| 999 |
_c128999 _d128999 |
||